Stemmi Squadre di calcio - UEFA - Quiz n°10 - Statistics

Statistiche generali
  • Questo quiz è stato fatto 209 volte
  • Il punteggio medio è 8 su 10
Statistiche sulle risposte
con Immagini Risposta % Corretto
Football Club Twente
98%
1. Fußball-Club Köln 01/07
97%
Feyenoord Rotterdam
96%
Verein für Leibesübungen Bochum 1848
94%
Bursaspor Kulübü Derneği
93%
Fudbalski klub Crvena zvezda
92%
Bolton Wanderers Football Club
63%
Futbol'nyj Klub Šachtar Donec'k
59%
Futbol'nyj Klub Dnipro
58%
Djurgårdens Idrottsförening Fotboll
38%
Nessun quiz corrispondente trovato
Distribuzione punteggi
Percentuale di utenti per punteggio
Percentile per numero di risposta
I tuoi punteggi nel tempo
Non hai fatto questo quiz